00383pab a2200133 454500008004000000100001900040245006900059260000900128300001300137362001200150650003000162650001800192773003900210180718b2000 xxu||||| |||| 00| 0 eng d aManning, Chris aIndonesian labour markets: adjusting to crisis and slow recovery c2000 ap.545-64 aJul-Sep aLabour market - Indonesia aLabour market aIndian Journal of Labour Economics